[Event "Prague op"]
[Site "Prague"]
[Date "2019.03.10"]
[Round "3"]
[White "Stary, Lukas"]
[Black "Kotrba, Tomas"]
[Result "1/2-1/2"]
[WhiteElo "1877"]
[BlackElo "2005"]
[PlyCount "55"]
[EventDate "2019.03.09"]
[EventType "swiss"]
[EventRounds "9"]
[EventCountry "CZE"]
[SourceTitle "CBM 189 Extra"]
[Source "ChessBase"]
[SourceDate "2019.05.31"]
[SourceVersion "1"]
[SourceVersionDate "2019.05.31"]
[SourceQuality "1"]

1. d4 Nf6 2. Bf4 c5 3. e3 Qb6 4. b3 d5 5. Nf3 Bg4 6. Be2 e6 7. 0-0 Nc6 8. c3 Be7 9. h3 Bh5 10. Nbd2 Rc8 11. Rc1 0-0 12. Ne1 Bxe2 13. Qxe2 cxd4 14. Nd3 Ba3 15. Rc2 dxc3 16. Rxc3 Ne4 17. Nxe4 dxe4 18. Ne5 Nxe5 19. Bxe5 Qa5 20. Rxc8 Rxc8 21. Bd4 e5 22. Bb2 Bxb2 23. Qxb2 Qc3 24. Qxc3 Rxc3 25. Rd1 g6 26. Rd7 Rc1+ 27. Kh2 Rc2 28. Kg3 1/2-1/2

[Event "CZE-chT2B 1718"]
[Site "Czech Republic"]
[Date "2017.12.17"]
[Round "5.3"]
[White "Bargel, Martin"]
[Black "Kotrba, Tomas"]
[Result "1-0"]
[WhiteElo "2178"]
[BlackElo "2031"]
[PlyCount "55"]
[EventDate "2017.10.15"]
[EventType "team-tourn"]
[EventRounds "11"]
[EventCountry "CZE"]
[SourceTitle "EXT 2022"]
[Source "ChessBase"]
[SourceDate "2021.10.06"]
[SourceVersion "1"]
[SourceVersionDate "2021.10.06"]
[SourceQuality "1"]
[WhiteTeam "Neratovice III"]
[BlackTeam "Zizkov"]
[WhiteTeamCountry "CZE"]
[BlackTeamCountry "CZE"]

1. e4 e5 2. Nf3 Nc6 3. Bb5 g6 4. 0-0 Bg7 5. c3 Nge7 6. d4 exd4 7. cxd4 d5 8. exd5 Nxd5 9. Re1+ Be6 10. Nc3 0-0 11. h3 Nce7 12. Bg5 Qd6 13. Bc4 Nxc3 14. bxc3 Nd5 15. Qb3 b5 16. Qxb5 Nxc3 17. Qa5 Bxc4 18. Qxc3 Qa6 19. Ne5 Be6 20. Nc6 Qc4 21. Qf3 Rfe8 22. Rac1 Qxa2 23. Ne7+ Kh8 24. d5 Bc8 25. Nxg6+ hxg6 26. Rxe8+ Kh7 27. Qxf7 Qb2 28. Qg8# 1-0

[Event "Prague Golden rap op 11th"]
[Site "Prague"]
[Date "2015.06.27"]
[Round "5"]
[White "Jancalek, Petr"]
[Black "Kotrba, Tomas"]
[Result "1-0"]
[WhiteElo "1995"]
[BlackElo "2125"]
[PlyCount "53"]
[EventDate "2015.06.27"]
[EventType "swiss (rapid)"]
[EventRounds "7"]
[EventCountry "CZE"]
[SourceTitle "EXT 2017"]
[Source "ChessBase"]
[SourceDate "2016.10.25"]
[SourceVersion "1"]
[SourceVersionDate "2016.10.25"]
[SourceQuality "1"]

1. e4 d5 2. exd5 Nf6 3. Nc3 Nxd5 4. Bc4 Nb6 5. Bb3 Nc6 6. Nge2 e5 7. 0-0 Be7 8. f4 0-0 9. fxe5 Nxe5 10. d4 Ng6 11. Ne4 Bg4 12. c3 Qd7 13. Qe1 Rad8 14. Nf4 Bf5 15. Ng3 Rfe8 16. Nxf5 Bf8 17. Ne2 Nd5 18. Qf2 Nf6 19. Bg5 Ne4 20. Qe3 Nxg5 21. Qxg5 Rxe2 22. Nh4 Re7 23. Nxg6 hxg6 24. Qxg6 c5 25. Rae1 Rde8 26. Re5 cxd4 27. Rh5 1-0

[Event "CZE-chT2A 1112"]
[Site "Czech Republic"]
[Date "2012.03.25"]
[Round "10.5"]
[White "Kotrba, Tomas"]
[Black "Nidl, Petr"]
[Result "0-1"]
[WhiteElo "2116"]
[BlackElo "2198"]
[PlyCount "102"]
[EventDate "2011.10.09"]
[EventType "team-tourn"]
[EventRounds "11"]
[EventCountry "CZE"]
[SourceTitle "EXT 2013"]
[Source "ChessBase"]
[SourceDate "2012.11.22"]
[SourceVersion "1"]
[SourceVersionDate "2012.11.22"]
[SourceQuality "1"]
[WhiteTeam "Zizkov"]
[BlackTeam "Ceske Budejovice"]
[WhiteTeamCountry "CZE"]
[BlackTeamCountry "CZE"]

1. d4 c5 2. c3 cxd4 3. cxd4 g6 4. Nc3 Bg7 5. e4 d6 6. h3 Nf6 7. Nf3 0-0 8. Be2 a6 9. 0-0 b5 10. e5 Ne8 11. a4 bxa4 12. Qxa4 Nc7 13. Be3 Be6 14. Rfd1 Nd5 15. Nxd5 Bxd5 16. Qa5 e6 17. Qxd8 Rxd8 18. Bg5 Rd7 19. Rdc1 h6 20. Rc8+ Kh7 21. Bf4 Bxf3 22. Bxf3 d5 23. Bd1 Rb7 24. Ba4 Raa7 25. Bd2 Rxb2 26. Ba5 Rab7 27. Bc7 R2b4 28. Be8 Rc4 29. Rxb8 Rbxc7 30. Ra4 Rc1+ 31. Kh2 Rd1 32. f4 g5 33. fxg5 hxg5 34. Rbb4 Rd2 35. Rxa6 Rxd4 36. Rxd4 Bxe5+ 37. g3 Bxd4 38. Rc6 Rb7 39. Rc2 Be5 40. Re2 f6 41. Re3 Rb2+ 42. Kh1 Kg7 43. Ra3 Bd4 44. g4 Bb6 45. Ba4 Kf7 46. Rb3 Rxb3 47. Bxb3 Ke7 48. Kg2 Kd6 49. Kg3 Ba5 50. Kf3 e5 51. Ke2 e4 0-1

[Event "CZE-chT2A 1112"]
[Site "Czech Republic"]
[Date "2012.03.04"]
[Round "9"]
[White "Kotrba, Tomas"]
[Black "Riedl, Maximilian"]
[Result "1-0"]
[WhiteElo "2116"]
[BlackElo "2037"]
[PlyCount "113"]
[EventDate "2011.10.09"]
[EventType "team-tourn"]
[EventRounds "11"]
[EventCountry "CZE"]
[SourceTitle "EXT 2013"]
[Source "ChessBase"]
[SourceDate "2012.11.22"]
[SourceVersion "1"]
[SourceVersionDate "2012.11.22"]
[SourceQuality "1"]
[WhiteTeam "Zizkov"]
[BlackTeam "Domazlice"]
[WhiteTeamCountry "CZE"]
[BlackTeamCountry "CZE"]

1. d4 Nf6 2. Nf3 e6 3. Bg5 Be7 4. Nbd2 b6 5. e4 d5 6. e5 Nfd7 7. Bxe7 Qxe7 8. c3 Ba6 9. Bxa6 Nxa6 10. Qe2 Nab8 11. 0-0 0-0 12. b4 c6 13. a4 f6 14. exf6 Rxf6 15. a5 b5 16. Rae1 Nf8 17. Ne5 Qd6 18. f4 Nbd7 19. g3 Re8 20. Qg2 Qc7 21. Ndf3 Nxe5 22. Nxe5 Nd7 23. Rf3 Nxe5 24. Rxe5 Rf5 25. Rfe3 Rxe5 26. Rxe5 g6 27. Qe2 Kf7 28. Kg2 Re7 29. h4 Qb8 30. h5 Qh8 31. Qg4 Qf6 32. Kh3 Re8 33. Qg5 Qxg5 34. Rxg5 Kf6 35. Kg4 Rg8 36. Kf3 Rg7 37. g4 Rg8 38. Kg3 Rg7 39. Kh4 Re7 40. Re5 Rg7 41. Re3 Rg8 42. Rh3 Rf8 43. Rh2 Kg7 44. Kg3 Rf7 45. Re2 Kf6 46. g5+ Ke7 47. hxg6 hxg6 48. Rh2 e5 49. fxe5 Rf1 50. Rh6 Rc1 51. Rxg6 Rxc3+ 52. Kf4 Rc4 53. Kf5 Rxd4 54. Rg7+ Kf8 55. Rxa7 Rd1 56. a6 Ra1 57. e6 1-0

[Event "CZE-chT2A 1112"]
[Site "Czech Republic"]
[Date "2012.01.22"]
[Round "6.5"]
[White "Kotrba, Tomas"]
[Black "Ptak, Pavel"]
[Result "1/2-1/2"]
[WhiteElo "2116"]
[BlackElo "2180"]
[PlyCount "26"]
[EventDate "2011.10.09"]
[EventType "team-tourn"]
[EventRounds "11"]
[EventCountry "CZE"]
[SourceTitle "EXT 2013"]
[Source "ChessBase"]
[SourceDate "2012.11.22"]
[SourceVersion "1"]
[SourceVersionDate "2012.11.22"]
[SourceQuality "1"]
[WhiteTeam "Zizkov"]
[BlackTeam "Pisek"]
[WhiteTeamCountry "CZE"]
[BlackTeamCountry "CZE"]

1. d4 g6 2. c4 Bg7 3. Nc3 d6 4. e4 c5 5. dxc5 Bxc3+ 6. bxc3 dxc5 7. Qxd8+ Kxd8 8. Nf3 Nc6 9. Bf4 f6 10. 0-0-0+ Ke8 11. e5 g5 12. Bg3 Bg4 13. Be2 Nh6 1/2-1/2

[Event "CZE-chT2A 1112"]
[Site "Czech Republic"]
[Date "2011.11.20"]
[Round "3"]
[White "Svoboda, Milos"]
[Black "Kotrba, Tomas"]
[Result "0-1"]
[WhiteElo "2198"]
[BlackElo "2116"]
[PlyCount "68"]
[EventDate "2011.10.09"]
[EventType "team-tourn"]
[EventRounds "11"]
[EventCountry "CZE"]
[SourceTitle "EXT 2013"]
[Source "ChessBase"]
[SourceDate "2012.11.22"]
[SourceVersion "1"]
[SourceVersionDate "2012.11.22"]
[SourceQuality "1"]
[WhiteTeam "Plzen Sokol"]
[BlackTeam "Zizkov"]
[WhiteTeamCountry "CZE"]
[BlackTeamCountry "CZE"]

1. e4 e5 2. d4 exd4 3. Qxd4 Nc6 4. Qa4 Bc5 5. Nf3 d6 6. h3 Bd7 7. Qb3 Nf6 8. Bd3 h6 9. c3 0-0 10. 0-0 Qc8 11. Kh2 Re8 12. Qc2 Ne5 13. Nxe5 dxe5 14. b4 Bf8 15. Nd2 Nh5 16. Nc4 Nf4 17. Bxf4 exf4 18. Qe2 b5 19. Nd2 c5 20. Bxb5 Qb8 21. Qh5 Bxb5 22. c4 Bc6 23. bxc5 Bxe4 24. Nb3 Re5 25. Qh4 Bxc5 26. Qxf4 Rf5 27. Qxb8+ Rxb8 28. g4 Rxf2+ 29. Kg3 Rxf1 30. Rxf1 Bd6+ 31. Kf2 Rc8 32. Rc1 Bc5+ 33. Kg3 Bd6+ 34. Kf2 Ba3 0-1

[Event "CZE-chT2A 1011"]
[Site "Czech Republic"]
[Date "2010.11.21"]
[Round "3"]
[White "Kotrba, Tomas"]
[Black "Grill, Roman"]
[Result "1/2-1/2"]
[WhiteElo "2135"]
[BlackElo "2125"]
[PlyCount "49"]
[EventDate "2010.10.17"]
[EventType "team-tourn"]
[EventRounds "11"]
[EventCountry "CZE"]
[SourceTitle "EXT 2012"]
[Source "ChessBase"]
[SourceDate "2011.11.24"]
[SourceVersion "1"]
[SourceVersionDate "2011.11.24"]
[SourceQuality "1"]
[WhiteTeam "Zizkov"]
[BlackTeam "Pisek Platan"]
[WhiteTeamCountry "CZE"]
[BlackTeamCountry "CZE"]

1. d4 Nf6 2. c4 g6 3. Nc3 Bg7 4. e4 0-0 5. Nge2 d6 6. Ng3 c5 7. d5 e6 8. Be2 exd5 9. exd5 Re8 10. 0-0 Nbd7 11. Re1 Ne5 12. h3 Qe7 13. Bd2 a6 14. a4 Qf8 15. Qc2 Kh8 16. b3 Ng8 17. f4 Nd7 18. Bd3 Bd4+ 19. Kf1 Ndf6 20. Rxe8 Nxe8 21. Re1 Bd7 22. Nge2 Bg7 23. Ng1 Nef6 24. Nf3 Re8 25. Qd1 1/2-1/2

[Event "CZE-chT2A 0910"]
[Site "Czech Republic"]
[Date "2010.04.18"]
[Round "11.2"]
[White "Palek, Miroslav"]
[Black "Kotrba, Tomas"]
[Result "1-0"]
[WhiteElo "2233"]
[BlackElo "2148"]
[PlyCount "101"]
[EventDate "2009.10.18"]
[EventType "team-tourn"]
[EventRounds "11"]
[EventCountry "CZE"]
[SourceTitle "EXT 2012"]
[Source "ChessBase"]
[SourceDate "2011.11.24"]
[SourceVersion "1"]
[SourceVersionDate "2011.11.24"]
[SourceQuality "1"]
[WhiteTeam "Plzen Sokol"]
[BlackTeam "Zizkov"]
[WhiteTeamCountry "CZE"]
[BlackTeamCountry "CZE"]

1. e4 d5 2. exd5 Nf6 3. Nc3 Nxd5 4. Bc4 Nxc3 5. Qf3 e6 6. Qxc3 Qf6 7. Qxf6 gxf6 8. b3 Rg8 9. g3 b6 10. Bb5+ Bd7 11. Bxd7+ Nxd7 12. Bb2 a5 13. Ne2 f5 14. 0-0-0 a4 15. Rhe1 Bg7 16. d4 axb3 17. axb3 0-0-0 18. d5 Bxb2+ 19. Kxb2 Nf6 20. Nf4 Ng4 21. dxe6 Rxd1 22. exf7 Rf8 23. Rxd1 Nxf2 24. Rf1 Ne4 25. Nd5 Nd6 26. Ne7+ Kd7 27. Nxf5 Rxf7 28. Ne3 Re7 29. Nd5 Re2 30. h4 Rg2 31. Nf6+ Ke6 32. Rf3 Nf5 33. Nh5 Nd4 34. Nf4+ Kf5 35. Rc3 Rg1 36. Rxc7 Rxg3 37. Rf7+ Kg4 38. Nd5 Kxh4 39. Rxh7+ Kg4 40. Rg7+ Kf3 41. Rxg3+ Kxg3 42. Nxb6 Kf4 43. c3 Ne6 44. Ka3 Ke5 45. Kb4 Kd6 46. Kb5 Nc7+ 47. Ka5 Kc6 48. c4 Ne8 49. Na4 Nd6 50. Ka6 Kc7 51. c5 1-0

[Event "CZE-chT2A 0910"]
[Site "Czech Republic"]
[Date "2010.03.14"]
[Round "9.3"]
[White "Hosticka, Frantisek"]
[Black "Kotrba, Tomas"]
[Result "1-0"]
[WhiteElo "2171"]
[BlackElo "2148"]
[PlyCount "45"]
[EventDate "2009.10.18"]
[EventType "team-tourn"]
[EventRounds "11"]
[EventCountry "CZE"]
[SourceTitle "EXT 2012"]
[Source "ChessBase"]
[SourceDate "2011.11.24"]
[SourceVersion "1"]
[SourceVersionDate "2011.11.24"]
[SourceQuality "1"]
[WhiteTeam "Zebrak"]
[BlackTeam "Zizkov"]
[WhiteTeamCountry "CZE"]
[BlackTeamCountry "CZE"]

1. e4 e5 2. Bb5 Nf6 3. Qe2 c6 4. Ba4 Bc5 5. Nf3 d6 6. c3 Qe7 7. 0-0 0-0 8. Bc2 Bg4 9. h3 Bh5 10. Re1 Na6 11. d3 Rad8 12. Nbd2 Bb6 13. Nf1 Nc7 14. Ng3 Bg6 15. Nh4 Ne6 16. Nhf5 Qc7 17. Qf3 a6 18. Nxg7 Kxg7 19. Bh6+ Kxh6 20. Qxf6 Ng7 21. h4 Ne6 22. Nf5+ Kh5 23. Bd1# 1-0

[Event "CZE-chT2A 0910"]
[Site "Czech Republic"]
[Date "2010.02.28"]
[Round "8.5"]
[White "Kotrba, Tomas"]
[Black "Skut, Michal"]
[Result "1/2-1/2"]
[WhiteElo "2148"]
[BlackElo "2058"]
[PlyCount "83"]
[EventDate "2009.10.18"]
[EventType "team-tourn"]
[EventRounds "11"]
[EventCountry "CZE"]
[SourceTitle "EXT 2012"]
[Source "ChessBase"]
[SourceDate "2011.11.24"]
[SourceVersion "1"]
[SourceVersionDate "2011.11.24"]
[SourceQuality "1"]
[WhiteTeam "Zizkov"]
[BlackTeam "Klatovy"]
[WhiteTeamCountry "CZE"]
[BlackTeamCountry "CZE"]

1. d4 Nf6 2. Nf3 g6 3. c4 Bg7 4. Nc3 d5 5. cxd5 Nxd5 6. Qb3 Nxc3 7. bxc3 0-0 8. e3 Nc6 9. Ba3 b6 10. Be2 Na5 11. Qb2 Be6 12. Nd2 Rc8 13. 0-0 c5 14. Rfd1 cxd4 15. cxd4 Bc4 16. Nxc4 Nxc4 17. Bxc4 Rxc4 18. Qb5 Rc2 19. Rdc1 Rxc1+ 20. Rxc1 Re8 21. Qc6 e6 22. Qb7 Qb8 23. Rc7 Qxb7 24. Rxb7 Ra8 25. Kf1 Bf8 26. Bxf8 Kxf8 27. Ke2 Kg7 28. Kd3 h5 29. e4 Kf6 30. f4 h4 31. e5+ Kg7 32. d5 exd5 33. e6 Re8 34. Rxf7+ Kg8 35. Rf6 Kg7 36. Rf7+ Kg8 37. Rxa7 Rxe6 38. Rd7 Re4 39. Rxd5 Rxf4 40. Rd6 Rg4 41. g3 hxg3 42. hxg3 1/2-1/2

[Event "CZE-chT2A 0809"]
[Site "Czech Republic"]
[Date "2009.03.22"]
[Round "10.5"]
[White "Krasnay, Peter"]
[Black "Kotrba, Tomas"]
[Result "1/2-1/2"]
[WhiteElo "2117"]
[BlackElo "2133"]
[PlyCount "34"]
[EventDate "2008.10.12"]
[EventType "tourn"]
[EventRounds "11"]
[EventCountry "CZE"]
[SourceTitle "EXT 2010"]
[Source "ChessBase"]
[SourceDate "2010.11.25"]
[SourceVersion "1"]
[SourceVersionDate "2010.11.25"]
[SourceQuality "1"]
[WhiteTeam "Praha Dukla"]
[BlackTeam "Zizkov"]
[WhiteTeamCountry "CZE"]
[BlackTeamCountry "CZE"]

1. e4 e5 2. Nf3 Nc6 3. Bb5 Nge7 4. 0-0 g6 5. d4 exd4 6. Nxd4 Bg7 7. Be3 0-0 8. Nc3 d6 9. f4 f5 10. Kh1 Kh8 11. Qd2 a6 12. Be2 fxe4 13. Nxe4 Nf5 14. Nxf5 Bxf5 15. Ng3 Be6 16. c3 Qd7 17. Bf3 Rae8 1/2-1/2

[Event "CZE-chT2A 0809"]
[Site "Czech Republic"]
[Date "2008.11.09"]
[Round "2.6"]
[White "Rajnys, Vladimir"]
[Black "Kotrba, Tomas"]
[Result "0-1"]
[WhiteElo "2095"]
[BlackElo "2133"]
[PlyCount "84"]
[EventDate "2008.10.12"]
[EventType "tourn"]
[EventRounds "11"]
[EventCountry "CZE"]
[SourceTitle "EXT 2010"]
[Source "ChessBase"]
[SourceDate "2010.11.25"]
[SourceVersion "1"]
[SourceVersionDate "2010.11.25"]
[SourceQuality "1"]
[WhiteTeam "Ceske Budejovice"]
[BlackTeam "Zizkov"]
[WhiteTeamCountry "CZE"]
[BlackTeamCountry "CZE"]

1. e4 e5 2. Nf3 Nc6 3. Bb5 g6 4. 0-0 Bg7 5. c3 Nge7 6. Qe2 0-0 7. d3 d5 8. Bg5 f6 9. Be3 a6 10. Ba4 b5 11. Bb3 Na5 12. Bc2 Be6 13. Nbd2 Nb7 14. Rfd1 c5 15. d4 exd4 16. cxd4 c4 17. Bf4 Nc6 18. Nf1 Nd6 19. exd5 Bxd5 20. Ne3 Re8 21. Qd2 Be4 22. d5 Bxc2 23. Nxc2 Ne5 24. Nb4 Nxf3+ 25. gxf3 Qd7 26. Re1 Nf5 27. Rxe8+ Rxe8 28. Nxa6 Nh4 29. Qd1 Re1+ 30. Qxe1 Nxf3+ 31. Kg2 Nxe1+ 32. Rxe1 Qxd5+ 33. f3 g5 34. Be3 f5 35. Nb4 Qd6 36. a3 f4 37. Bc1 Bxb2 38. Bxb2 Qd2+ 39. Kf1 Qxb2 40. Nd5 Qxa3 41. Re8+ Kf7 42. Rb8 Qxf3+ 0-1

[Event "CZE-chT2A 0809"]
[Site "Czech Republic"]
[Date "2008.10.12"]
[Round "1.6"]
[White "Kotrba, Tomas"]
[Black "Loskot, Petr"]
[Result "1-0"]
[WhiteElo "2133"]
[BlackElo "2103"]
[PlyCount "61"]
[EventDate "2008.10.12"]
[EventType "tourn"]
[EventRounds "11"]
[EventCountry "CZE"]
[SourceTitle "EXT 2010"]
[Source "ChessBase"]
[SourceDate "2010.11.25"]
[SourceVersion "1"]
[SourceVersionDate "2010.11.25"]
[SourceQuality "1"]
[WhiteTeam "Zizkov"]
[BlackTeam "Tabor Sokol"]
[WhiteTeamCountry "CZE"]
[BlackTeamCountry "CZE"]

1. d4 Nf6 2. Nf3 g6 3. c4 Bg7 4. Nc3 0-0 5. e4 d6 6. Be2 e5 7. Be3 Ng4 8. Bg5 f6 9. Bh4 Qe8 10. 0-0 Na6 11. d5 Bd7 12. Ne1 Nh6 13. f3 f5 14. Bf2 b6 15. Rc1 f4 16. a3 g5 17. b4 Qc8 18. Qd3 Nb8 19. c5 bxc5 20. bxc5 g4 21. c6 Be8 22. Qb5 gxf3 23. Nxf3 Bh5 24. Qb7 Bxf3 25. Qxc8 Rxc8 26. gxf3 a5 27. Rb1 Bf6 28. Rb7 Na6 29. Rfb1 Nc5 30. Bxc5 dxc5 31. Nb5 1-0

[Event "CZE-chT2a 0405"]
[Site "Czech Republic"]
[Date "2004.11.07"]
[Round "2.7"]
[White "Kotrba, Tomas"]
[Black "Novy, Vaclav"]
[Result "1-0"]
[WhiteElo "2162"]
[BlackElo "2098"]
[PlyCount "123"]
[EventDate "2004.10.17"]
[EventType "team-tourn"]
[EventRounds "11"]
[EventCountry "CZE"]
[SourceTitle "EXT 2007"]
[Source "ChessBase"]
[SourceDate "2006.11.23"]
[SourceVersion "1"]
[SourceVersionDate "2006.11.23"]
[SourceQuality "1"]
[WhiteTeam "Zizkov"]
[BlackTeam "Klatovy"]
[WhiteTeamCountry "CZE"]
[BlackTeamCountry "CZE"]

1. d4 Nf6 2. c4 c5 3. d5 b5 4. cxb5 a6 5. bxa6 Bxa6 6. Nc3 g6 7. Nf3 Bg7 8. Nd2 0-0 9. e4 Bxf1 10. Nxf1 Qa5 11. Bd2 d6 12. Ne3 Nbd7 13. 0-0 Qb4 14. Qc2 Rfb8 15. b3 Nb6 16. Rab1 Qa3 17. Nb5 Qxa2 18. Rb2 Qa6 19. Nc7 Qb7 20. Nxa8 Nxa8 21. Bc3 Nc7 22. b4 cxb4 23. Rxb4 Qc8 24. Rxb8 Qxb8 25. Rb1 Qa7 26. Qb2 Nfe8 27. Bxg7 Nxg7 28. Qb8+ Qxb8 29. Rxb8+ Nge8 30. Nc4 f5 31. e5 dxe5 32. Nxe5 Kg7 33. Rc8 Kf6 34. Nd7+ Kf7 35. Ne5+ Kf6 36. f4 Kg7 37. g3 Kf8 38. Nd7+ Kf7 39. Ne5+ Kf8 40. Rd8 Nb5 41. Kf2 Nbd6 42. Ke3 Ne4 43. Kd4 N4f6 44. Nd7+ Kf7 45. Nxf6 Nxf6 46. Ra8 Ne4 47. g4 Nd6 48. g5 Ne4 49. Ra6 Nd2 50. h3 Nb3+ 51. Kc4 Nd2+ 52. Kd3 Ne4 53. Kd4 Nd2 54. Ra3 Ne4 55. Ra6 Nd2 56. Re6 Nb3+ 57. Kc4 Nd2+ 58. Kd3 Nb3 59. Rc6 Na5 60. Rc7 Kf8 61. Kc3 Ke8 62. Ra7 1-0

[Event "CZE-chTV 0102"]
[Site "Czech Republic"]
[Date "2002.??.??"]
[Round "3"]
[White "Houskova, Magdalena"]
[Black "Kotrba, Tomas"]
[Result "0-1"]
[WhiteElo "2155"]
[BlackElo "2191"]
[PlyCount "88"]
[EventDate "2001.??.??"]
[EventType "team-tourn"]
[EventRounds "11"]
[EventCountry "CZE"]
[SourceTitle "EXT 2003"]
[Source "ChessBase"]
[SourceDate "2002.11.25"]
[SourceVersion "1"]
[SourceVersionDate "2002.11.25"]
[SourceQuality "1"]
[WhiteTeam "Chrudim II"]
[BlackTeam "Zizkov"]
[WhiteTeamCountry "CZE"]
[BlackTeamCountry "CZE"]

1. e4 e5 2. Nf3 Nc6 3. Bb5 Nge7 4. 0-0 g6 5. d4 exd4 6. Nxd4 Bg7 7. Be3 0-0 8. f4 d5 9. e5 f6 10. exf6 Bxf6 11. c3 Nxd4 12. Bxd4 c6 13. Bxf6 Rxf6 14. Bd3 Qb6+ 15. Rf2 Rxf4 16. Qd2 Rxf2 17. Qxf2 Bf5 18. Bxf5 Nxf5 19. Qxb6 axb6 20. Nd2 Nd6 21. Nf3 Re8 22. Re1 Rxe1+ 23. Nxe1 Kf7 24. Kf2 Ke6 25. Nd3 Kf5 26. Kf3 h5 27. h3 h4 28. Nf2 Ne4 29. Ng4 Nd2+ 30. Ke2 Nc4 31. b3 Ne5 32. Nh6+ Kf4 33. Ng8 Kg3 34. Kf1 Nd3 35. Ne7 Nf4 36. a4 Nxg2 37. Nxg6 Ne3+ 38. Ke2 Nf5 39. b4 Nd6 40. Ke3 Ne4 41. c4 Nf6 42. b5 dxc4 43. Ne5 Nd5+ 44. Kd4 c3 0-1

[Event "CZE-chTV 0102"]
[Site "Czech Republic"]
[Date "2002.??.??"]
[Round "4"]
[White "Kotrba, Tomas"]
[Black "Efler, David"]
[Result "0-1"]
[WhiteElo "2191"]
[BlackElo "2173"]
[PlyCount "72"]
[EventDate "2001.??.??"]
[EventType "team-tourn"]
[EventRounds "11"]
[EventCountry "CZE"]
[SourceTitle "EXT 2003"]
[Source "ChessBase"]
[SourceDate "2002.11.25"]
[SourceVersion "1"]
[SourceVersionDate "2002.11.25"]
[SourceQuality "1"]
[WhiteTeam "Zizkov"]
[BlackTeam "Polabiny"]
[WhiteTeamCountry "CZE"]
[BlackTeamCountry "CZE"]

1. d4 d5 2. Nf3 Nf6 3. Bg5 e6 4. Nbd2 Be7 5. e3 0-0 6. Bd3 Nbd7 7. c3 c5 8. Ne5 Qb6 9. Rb1 Re8 10. f4 Nf8 11. 0-0 Bd7 12. Rf3 Bb5 13. Bc2 N6d7 14. Bxe7 Rxe7 15. Rh3 f5 16. Nxd7 Nxd7 17. Nf3 Qa6 18. a3 Rc8 19. Ne5 Nxe5 20. fxe5 g6 21. Qd2 Qb6 22. Rf3 Rf7 23. Rf2 Qd8 24. Bd3 Bxd3 25. Qxd3 a6 26. Rc1 Rfc7 27. Rfc2 Qg5 28. g3 h5 29. Kf2 c4 30. Qe2 h4 31. Qf3 Rh7 32. Rh1 Kf7 33. Rcc1 Rch8 34. Qf4 hxg3+ 35. Qxg3 Qxg3+ 36. Kxg3 Rh3+ 0-1

[Event "CZE-chTV 0102"]
[Site "Czech Republic"]
[Date "2001.??.??"]
[Round "3"]
[White "Kotrba, Tomas"]
[Black "Sabol, Marian"]
[Result "0-1"]
[WhiteElo "2191"]
[BlackElo "2299"]
[PlyCount "50"]
[EventDate "2001.??.??"]
[EventType "team-tourn"]
[EventRounds "11"]
[EventCountry "CZE"]
[SourceTitle "EXT 2003"]
[Source "ChessBase"]
[SourceDate "2002.11.25"]
[SourceVersion "1"]
[SourceVersionDate "2002.11.25"]
[SourceQuality "1"]
[WhiteTeam "Zizkov"]
[BlackTeam "Chrudim"]
[WhiteTeamCountry "CZE"]
[BlackTeamCountry "CZE"]

1. d4 Nf6 2. Nf3 c5 3. d5 b5 4. c4 b4 5. Nbd2 d6 6. e4 g6 7. b3 Bg7 8. Bb2 0-0 9. Qc2 a5 10. Bd3 a4 11. Rd1 axb3 12. axb3 Ra2 13. Qc1 Bg4 14. h3 Bxf3 15. Nxf3 Rxb2 16. Qxb2 Nxd5 17. Qc2 Nf4 18. g3 Ne6 19. e5 Nc6 20. exd6 Ned4 21. Nxd4 Nxd4 22. Qa2 Qxd6 23. 0-0 Nf3+ 24. Kg2 Qc6 25. Qa4 Ne1+ 0-1

[Event "CZE-chTV 0001"]
[Site "Czech Republic"]
[Date "2001.??.??"]
[Round "4"]
[White "Ruzicka, Zdenek"]
[Black "Kotrba, Tomas"]
[Result "1-0"]
[WhiteElo "2125"]
[BlackElo "2190"]
[PlyCount "134"]
[EventDate "2000.??.??"]
[EventType "team-tourn"]
[EventRounds "11"]
[EventCountry "CZE"]
[SourceTitle "EXT 2003"]
[Source "ChessBase"]
[SourceDate "2002.11.25"]
[SourceVersion "1"]
[SourceVersionDate "2002.11.25"]
[SourceQuality "1"]

1. c4 Nf6 2. Nc3 e6 3. d4 d5 4. Nf3 c5 5. e3 a6 6. cxd5 exd5 7. g3 Nc6 8. Bg2 Bd6 9. 0-0 0-0 10. b3 Re8 11. Bb2 Bg4 12. dxc5 Bxc5 13. Ne2 Ne4 14. Bd4 Nxd4 15. Nexd4 Nc3 16. Qd3 Bxf3 17. Qxc3 Bxg2 18. Kxg2 Bxd4 19. Qxd4 Qd6 20. Rfd1 Rad8 21. Rac1 h6 22. Rc5 Re5 23. Qc3 Qe6 24. Rd4 Rh5 25. g4 Re5 26. h3 Re4 27. Qd3 Rxd4 28. Qxd4 Qe4+ 29. Qxe4 dxe4 30. Re5 Rd2 31. Rxe4 Rxa2 32. Re8+ Kh7 33. Re7 b5 34. Rxf7 Rb2 35. Ra7 Rxb3 36. Rxa6 b4 37. Rb6 Rb2 38. h4 b3 39. h5 Kg8 40. Kf3 Rb1 41. Ke4 b2 42. Kf5 Kf7 43. e4 Ke7 44. e5 Kd7 45. f4 Kc7 46. Rb3 Kd7 47. Rd3+ Ke8 48. Rd2 Ke7 49. Re2 Kf7 50. Rc2 Ke7 51. Rc7+ Kd8 52. Rb7 Kc8 53. Rb4 Kd7 54. Rb3 Kd8 55. Ke6 Rf1 56. Rxb2 Rxf4 57. Rd2+ Kc8 58. Rg2 Kd8 59. g5 Rh4 60. Rd2+ Kc8 61. g6 Rxh5 62. Kf7 Rxe5 63. Kxg7 h5 64. Kf6 Re1 65. g7 Rg1 66. Kf7 Rf1+ 67. Kg6 Rg1+ 1-0

[Event "CZE-chTJ 9900"]
[Site "Czech Republic"]
[Date "2000.??.??"]
[Round "?"]
[White "Kotrba, Tomas"]
[Black "Stluka, Frantisek"]
[Result "1-0"]
[WhiteElo "2210"]
[BlackElo "2137"]
[PlyCount "115"]
[EventDate "1999.??.??"]
[EventType "team-tourn"]
[EventRounds "11"]
[EventCountry "CZE"]
[SourceTitle "EXT 2002"]
[Source "ChessBase"]
[SourceDate "2001.11.25"]
[SourceVersion "1"]
[SourceVersionDate "2001.11.25"]
[SourceQuality "1"]

1. d4 Nf6 2. c4 g6 3. Nc3 Bg7 4. e4 d6 5. Nge2 0-0 6. Ng3 e5 7. d5 a5 8. Be2 Na6 9. h4 h5 10. Bg5 Qe8 11. Qd2 Kh7 12. Nf1 Rh8 13. f3 Kg8 14. 0-0-0 Bd7 15. Kb1 Nc5 16. Rc1 Qc8 17. Qd1 a4 18. Nd2 c6 19. Be3 Qc7 20. dxc6 Bxc6 21. Nd5 Qa5 22. Nf1 Bxd5 23. cxd5 Nfd7 24. Bd2 Qb6 25. Ne3 Kh7 26. Nc4 Qc7 27. Na3 Nb8 28. Bb5 Qe7 29. Qe2 Nbd7 30. g4 Kg8 31. g5 Kh7 32. Bxd7 Qxd7 33. Qb5 Qe7 34. Bb4 Rhc8 35. Nc4 b6 36. Ba3 Rcb8 37. Ne3 Ra5 38. Qe2 Qd7 39. Bb4 Ra7 40. Rh2 Bf8 41. Nc2 Na6 42. Bd2 Nc5 43. Nb4 Rba8 44. Nc6 Rc7 45. Bb4 Qc8 46. Rf1 Na6 47. Bc3 Nb8 48. Nxb8 Rxb8 49. Qe3 Bg7 50. a3 Qa6 51. Rhf2 Qb5 52. Bb4 Bf8 53. f4 exf4 54. Rxf4 Bg7 55. Rxf7 Rbc8 56. Rxc7 Rxc7 57. Rc1 Rxc1+ 58. Qxc1 1-0